000 00869nmc a2200313 a 4500
003 AR-BaBNM
005 20251128211635.0
008 255020s1992 ||||||||||||||000 | spa||
020 _a950-25-2655-4
040 _cAR-BaBNM
245 1 0 _aLiteratura y folklore
_bel folklore literario
_n1
260 _aBuenos Aires
_bCentro Editor de América Latina
_c1992
300 0 _a89 p.
490 0 _aBiblioteca básica Argentina
650 4 _aLITERATURA ARGENTINA
650 4 _aANTOLOGIAS
650 4 _aLITERATURA FOLKLORICA
650 4 _aLITERATURA POPULAR
650 4 _aCOSTUMBRES Y TRADICIONES
650 4 _aTRADICION ORAL
650 4 _aLEYENDAS
650 4 _aFABULAS
650 4 _aPOESIA
655 _aLITERATURA
700 1 _aCortázar, Augusto Raúl
_ecomentarios
700 1 _aPalermo, Miguel Angel
_ecomentarios
942 _cBK
998 _ccalidad
999 _c20556
_d20556